[Event "DEM U12 2025"]
[Site "Willingen GER"]
[Date "2025.06.09"]
[Round "3"]
[White "Spielmann, Jan"]
[Black "Kottage, Nilash Nethul"]
[Result "0-1"]
[Termination "normal"]
[Board "11"]
[WhiteElo "1667"]
[BlackElo "1526"]
[WhiteClock "00:03:21"]
[BlackClock "00:32:31"]
[PlyCount "111"]
[WhiteFideId "34680039"]
[BlackFideId "29935768"]
[EventCountry "GER"]
[EventRounds "9"]
[EventType "swiss"]
[EventDate "2025.06.07"]

1. c4 {[%clk 01:30:59]} {[%emt 00:00:01]} c5 {[%clk 01:30:57]} {[%emt
00:00:04]} 2. g3 {[%clk 01:31:25]} {[%emt 00:00:03]} Nc6 {[%clk 01:31:18]}
{[%emt 00:00:10]} 3. Bg2 {[%clk 01:31:47]} {[%emt 00:00:06]} e5 {[%clk
01:31:34]} {[%emt 00:00:14]} 4. Nc3 {[%clk 01:31:59]} {[%emt 00:00:18]} g6
{[%clk 01:31:50]} {[%emt 00:00:14]} 5. e4 {[%clk 01:31:47]} {[%emt 00:00:42]}
Bg7 {[%clk 01:32:13]} {[%emt 00:00:08]} 6. Nge2 {[%clk 01:31:53]} {[%emt
00:00:24]} Nge7 {[%clk 01:32:15]} {[%emt 00:00:29]} 7. O-O {[%clk 01:31:34]}
{[%emt 00:00:48]} O-O {[%clk 01:32:19]} {[%emt 00:00:26]} 8. d3 {[%clk
01:31:58]} {[%emt 00:00:07]} h6 {[%clk 01:32:28]} {[%emt 00:00:21]} 9. f4
{[%clk 01:30:13]} {[%emt 00:02:14]} d6 {[%clk 01:32:21]} {[%emt 00:00:36]} 10.
Bd2 {[%clk 01:17:06]} {[%emt 00:13:38]} Kh7 {[%clk 01:28:49]} {[%emt 00:04:01]}
11. h3 {[%clk 01:12:56]} {[%emt 00:04:41]} f5 {[%clk 01:27:57]} {[%emt
00:01:21]} 12. Kh2 {[%clk 01:05:13]} {[%emt 00:08:13]} Rb8 {[%clk 01:24:04]}
{[%emt 00:04:23]} 13. a4 {[%clk 00:51:18]} {[%emt 00:14:26]} a6 {[%clk
01:20:51]} {[%emt 00:03:41]} 14. Nd5 {[%clk 00:50:26]} {[%emt 00:01:23]} exf4
{[%clk 01:14:40]} {[%emt 00:06:41]} 15. Bxf4 {[%clk 00:40:27]} {[%emt
00:10:30]} Bxb2 {[%clk 01:11:47]} {[%emt 00:03:21]} 16. Bxh6 {[%clk 00:36:52]}
{[%emt 00:04:06]} Kxh6 {[%clk 01:01:57]} {[%emt 00:10:20]} 17. Qd2+ {[%clk
00:36:52]} {[%emt 00:00:30]} g5 {[%clk 01:01:41]} {[%emt 00:00:47]} 18. Qxb2
{[%clk 00:37:08]} {[%emt 00:00:14]} Nxd5 {[%clk 01:01:47]} {[%emt 00:00:24]}
19. exd5 {[%clk 00:33:08]} {[%emt 00:04:29]} Ne5 {[%clk 00:59:52]} {[%emt
00:02:24]} 20. Qd2 {[%clk 00:32:27]} {[%emt 00:01:12]} Kg6 {[%clk 00:50:13]}
{[%emt 00:11:07]} 21. Rh1 {[%clk 00:19:36]} {[%emt 00:13:21]} Qf6 {[%clk
00:47:55]} {[%emt 00:02:42]} 22. Raf1 {[%clk 00:08:08]} {[%emt 00:12:04]} Bd7
{[%clk 00:47:23]} {[%emt 00:01:02]} 23. a5 {[%clk 00:08:10]} {[%emt 00:00:28]}
Rh8 {[%clk 00:43:49]} {[%emt 00:04:04]} 24. Kg1 {[%clk 00:07:54]} {[%emt
00:00:45]} Rbf8 {[%clk 00:42:18]} {[%emt 00:02:02]} 25. g4 {[%clk 00:07:26]}
{[%emt 00:00:58]} f4 {[%clk 00:42:26]} {[%emt 00:00:22]} 26. Be4+ {[%clk
00:07:45]} {[%emt 00:00:11]} Kg7 {[%clk 00:42:56]} 27. Qb2 {[%clk 00:05:30]}
{[%emt 00:02:46]} Nf3+ {[%clk 00:43:15]} {[%emt 00:00:10]} 28. Kf2 {[%clk
00:04:59]} {[%emt 00:01:01]} Qxb2 {[%clk 00:43:21]} {[%emt 00:00:25]} 29. Rb1
{[%clk 00:05:11]} {[%emt 00:00:17]} Qd2 {[%clk 00:42:06]} {[%emt 00:01:41]} 30.
Bxf3 {[%clk 00:04:21]} {[%emt 00:01:24]} Qe3+ {[%clk 00:39:34]} {[%emt
00:03:01]} 31. Kg2 {[%clk 00:04:42]} {[%emt 00:00:10]} Bxg4 {[%clk 00:37:23]}
{[%emt 00:02:42]} 32. hxg4 {[%clk 00:04:16]} {[%emt 00:00:55]} Rxh1 {[%clk
00:37:44]} {[%emt 00:00:09]} 33. Rxh1 {[%clk 00:04:41]} {[%emt 00:00:04]} Rh8
{[%clk 00:37:15]} {[%emt 00:00:58]} 34. Rf1 {[%clk 00:04:40]} {[%emt 00:00:33]}
Qxd3 {[%clk 00:37:17]} {[%emt 00:00:28]} 35. Rc1 {[%clk 00:04:30]} {[%emt
00:00:40]} Qh7 {[%clk 00:35:01]} {[%emt 00:02:46]} 36. Kf2 {[%clk 00:04:01]}
{[%emt 00:00:59]} Re8 {[%clk 00:32:17]} {[%emt 00:03:14]} 37. Rh1 {[%clk
00:03:56]} {[%emt 00:00:35]} Qd3 {[%clk 00:32:36]} {[%emt 00:00:07]} 38. Rc1
{[%clk 00:03:48]} {[%emt 00:00:41]} Qd2 {[%clk 00:32:40]} {[%emt 00:00:25]} 39.
Rb1 {[%clk 00:03:46]} {[%emt 00:00:34]} Re7 {[%clk 00:31:50]} {[%emt 00:01:18]}
40. Rb6 {[%clk 00:03:33]} {[%emt 00:00:45]} Re3 {[%clk 00:30:59]} {[%emt
00:01:16]} 41. Rxb7+ {[%clk 00:03:43]} {[%emt 00:00:25]} Kf6 {[%clk 00:31:12]}
{[%emt 00:00:15]} 42. Rb6 {[%clk 00:03:47]} {[%emt 00:00:28]} Rxf3+ {[%clk
00:31:34]} {[%emt 00:00:08]} 43. Kxf3 {[%clk 00:04:03]} {[%emt 00:00:14]} Qe3+
{[%clk 00:32:02]} {[%emt 00:00:01]} 44. Kg2 {[%clk 00:04:23]} {[%emt 00:00:11]}
Qxe2+ {[%clk 00:32:27]} {[%emt 00:00:05]} 45. Kh3 {[%clk 00:04:19]} {[%emt
00:00:34]} Ke5 {[%clk 00:32:35]} {[%emt 00:00:21]} 46. Rb7 {[%clk 00:04:42]}
{[%emt 00:00:08]} Qf3+ {[%clk 00:32:52]} {[%emt 00:00:12]} 47. Kh2 {[%clk
00:05:08]} {[%emt 00:00:05]} Qg3+ {[%clk 00:33:07]} {[%emt 00:00:14]} 48. Kh1
{[%clk 00:05:29]} {[%emt 00:00:09]} f3 {[%clk 00:33:25]} {[%emt 00:00:13]} 49.
Re7+ {[%clk 00:05:52]} {[%emt 00:00:07]} Kd4 {[%clk 00:33:49]} {[%emt
00:00:05]} 50. Re4+ {[%clk 00:06:18]} {[%emt 00:00:06]} Kc3 {[%clk 00:33:05]}
{[%emt 00:01:14]} 51. Re3+ {[%clk 00:06:39]} {[%emt 00:00:08]} Kxc4 {[%clk
00:31:06]} {[%emt 00:02:29]} 52. Rc3+ {[%clk 00:02:44]} {[%emt 00:04:25]} Kxd5
{[%clk 00:31:28]} {[%emt 00:00:09]} 53. Rd3+ {[%clk 00:02:58]} {[%emt
00:00:10]} Kc6 {[%clk 00:31:51]} {[%emt 00:00:11]} 54. Rd2 {[%clk 00:02:38]}
{[%emt 00:00:51]} Qe1+ {[%clk 00:32:07]} {[%emt 00:00:14]} 55. Kh2 {[%clk
00:03:01]} {[%emt 00:00:06]} Qxd2+ {[%clk 00:32:31]} {[%emt 00:00:07]} 56. Kh3
{[%clk 00:03:21]} {[%emt 00:00:10]} 0-1

[Event "DEM U12 2025"]
[Site "Willingen GER"]
[Date "2025.06.09"]
[Round "3"]
[White "Naumann, Lennart"]
[Black "Menke, Raphael Wilhelm"]
[Result "1-0"]
[Termination "normal"]
[Board "12"]
[WhiteElo "1820"]
[BlackElo "1803"]
[WhiteClock "00:44:34"]
[BlackClock "00:29:14"]
[PlyCount "79"]
[WhiteFideId "34644830"]
[BlackFideId "34621008"]
[EventCountry "GER"]
[EventRounds "9"]
[EventType "swiss"]
[EventDate "2025.06.07"]

1. e4 {[%clk 01:30:59]} {[%emt 00:04:11]} e5 {[%clk 01:30:59]} {[%emt
00:00:01]} 2. Nf3 {[%clk 01:31:21]} {[%emt 00:00:08]} Nc6 {[%clk 01:31:25]}
{[%emt 00:00:04]} 3. Nc3 {[%clk 01:31:44]} {[%emt 00:00:07]} Nf6 {[%clk
01:31:49]} {[%emt 00:00:06]} 4. a3 {[%clk 01:32:10]} {[%emt 00:00:04]} d5
{[%clk 01:32:06]} {[%emt 00:00:13]} 5. Bb5 {[%clk 01:32:28]} {[%emt 00:00:12]}
Nxe4 {[%clk 01:32:16]} {[%emt 00:00:20]} 6. Qe2 {[%clk 01:31:38]} {[%emt
00:01:19]} Qd6 {[%clk 01:28:46]} {[%emt 00:04:02]} 7. Nxe4 {[%clk 01:31:03]}
{[%emt 00:01:03]} dxe4 {[%clk 01:29:01]} {[%emt 00:00:16]} 8. Qxe4 {[%clk
01:31:23]} {[%emt 00:00:09]} Bd7 {[%clk 01:29:13]} {[%emt 00:00:19]} 9. O-O
{[%clk 01:25:07]} {[%emt 00:06:45]} O-O-O {[%clk 01:26:21]} {[%emt 00:03:22]}
10. Bxc6 {[%clk 01:23:48]} {[%emt 00:01:49]} Bxc6 {[%clk 01:26:23]} {[%emt
00:00:29]} 11. Qxe5 {[%clk 01:19:30]} {[%emt 00:04:47]} Qg6 {[%clk 01:26:15]}
{[%emt 00:00:37]} 12. Qg3 {[%clk 01:17:24]} {[%emt 00:02:33]} Qxc2 {[%clk
01:26:07]} {[%emt 00:00:42]} 13. Ne5 {[%clk 01:17:41]} {[%emt 00:00:12]} Bd5
{[%clk 01:24:34]} {[%emt 00:02:03]} 14. d4 {[%clk 01:15:47]} {[%emt 00:02:24]}
f6 {[%clk 01:20:25]} {[%emt 00:04:40]} 15. Ng4 {[%clk 01:15:42]} {[%emt
00:00:33]} Qg6 {[%clk 01:19:58]} {[%emt 00:00:58]} 16. Bf4 {[%clk 01:11:02]}
{[%emt 00:05:09]} Bd6 {[%clk 01:17:00]} {[%emt 00:03:28]} 17. Rac1 {[%clk
01:09:17]} {[%emt 00:02:15]} f5 {[%clk 01:10:55]} {[%emt 00:06:36]} 18. Ne3
{[%clk 01:04:21]} {[%emt 00:05:23]} Qxg3 {[%clk 01:06:14]} {[%emt 00:05:13]}
19. hxg3 {[%clk 01:04:42]} {[%emt 00:00:10]} Bxf4 {[%clk 01:06:20]} {[%emt
00:00:24]} 20. gxf4 {[%clk 01:04:49]} {[%emt 00:00:23]} g6 {[%clk 01:06:36]}
{[%emt 00:00:14]} 21. Rc5 {[%clk 01:02:35]} {[%emt 00:02:41]} Bf7 {[%clk
01:05:42]} {[%emt 00:01:27]} 22. Rfc1 {[%clk 00:59:53]} {[%emt 00:03:09]} Rd7
{[%clk 01:05:10]} {[%emt 00:01:05]} 23. g4 {[%clk 00:59:10]} {[%emt 00:01:11]}
fxg4 {[%clk 00:56:37]} {[%emt 00:09:04]} 24. Nxg4 {[%clk 00:59:11]} {[%emt
00:00:28]} b6 {[%clk 00:56:55]} {[%emt 00:00:13]} 25. Re5 {[%clk 00:52:20]}
{[%emt 00:07:20]} Rxd4 {[%clk 00:44:44]} {[%emt 00:12:42]} 26. Re7 {[%clk
00:52:12]} {[%emt 00:00:38]} Rd7 {[%clk 00:42:02]} {[%emt 00:03:13]} 27. Rxd7
{[%clk 00:52:06]} {[%emt 00:00:34]} Kxd7 {[%clk 00:42:19]} {[%emt 00:00:14]}
28. Ne5+ {[%clk 00:52:21]} {[%emt 00:00:14]} Ke8 {[%clk 00:39:38]} {[%emt
00:03:13]} 29. Rxc7 {[%clk 00:52:30]} {[%emt 00:00:20]} Be6 {[%clk 00:38:57]}
{[%emt 00:01:09]} 30. Nc6 {[%clk 00:49:49]} {[%emt 00:03:12]} Bf5 {[%clk
00:30:08]} {[%emt 00:09:19]} 31. Rxa7 {[%clk 00:47:49]} {[%emt 00:02:30]} Kf8
{[%clk 00:29:46]} {[%emt 00:00:53]} 32. Nd4 {[%clk 00:43:34]} {[%emt 00:04:45]}
h6 {[%clk 00:26:56]} {[%emt 00:03:21]} 33. Ra8+ {[%clk 00:42:52]} {[%emt
00:01:10]} Kg7 {[%clk 00:27:19]} {[%emt 00:00:07]} 34. Nxf5+ {[%clk 00:43:13]}
{[%emt 00:00:09]} gxf5 {[%clk 00:27:44]} {[%emt 00:00:06]} 35. Rxh8 {[%clk
00:43:35]} {[%emt 00:00:08]} Kxh8 {[%clk 00:28:11]} {[%emt 00:00:03]} 36. a4
{[%clk 00:43:25]} {[%emt 00:00:40]} Kg7 {[%clk 00:28:36]} {[%emt 00:00:05]} 37.
b4 {[%clk 00:43:32]} {[%emt 00:00:23]} Kf7 {[%clk 00:28:41]} {[%emt 00:00:25]}
38. a5 {[%clk 00:43:48]} {[%emt 00:00:14]} bxa5 {[%clk 00:28:59]} {[%emt
00:00:13]} 39. bxa5 {[%clk 00:44:11]} {[%emt 00:00:07]} Ke7 {[%clk 00:29:14]}
{[%emt 00:00:15]} 40. a6 {[%clk 00:44:34]} {[%emt 00:00:08]} 1-0

[Event "DEM U12 2025"]
[Site "Willingen GER"]
[Date "2025.06.09"]
[Round "3"]
[White "Brückner, Julian"]
[Black "Chakhalov, Mikael"]
[Result "0-1"]
[Termination "normal"]
[Board "13"]
[WhiteElo "1802"]
[BlackElo "1902"]
[WhiteClock "00:08:53"]
[BlackClock "00:13:51"]
[PlyCount "76"]
[WhiteFideId "34630031"]
[BlackFideId "34644458"]
[EventCountry "GER"]
[EventRounds "9"]
[EventType "swiss"]
[EventDate "2025.06.07"]

1. c4 {[%clk 01:30:54]} {[%emt 00:00:05]} e6 {[%clk 01:30:25]} {[%emt
00:00:35]} 2. g3 {[%clk 01:30:53]} {[%emt 00:00:31]} Nf6 {[%clk 01:30:46]}
{[%emt 00:00:08]} 3. Bg2 {[%clk 01:30:52]} {[%emt 00:00:31]} d5 {[%clk
01:31:08]} {[%emt 00:00:08]} 4. cxd5 {[%clk 01:31:09]} {[%emt 00:00:13]} exd5
{[%clk 01:31:31]} {[%emt 00:00:07]} 5. Nf3 {[%clk 01:30:36]} {[%emt 00:01:03]}
c6 {[%clk 01:31:16]} {[%emt 00:00:46]} 6. d3 {[%clk 01:30:28]} {[%emt
00:00:37]} Be7 {[%clk 01:31:08]} {[%emt 00:00:38]} 7. O-O {[%clk 01:30:37]}
{[%emt 00:00:22]} O-O {[%clk 01:31:31]} {[%emt 00:00:06]} 8. Nbd2 {[%clk
01:30:21]} {[%emt 00:00:46]} Bf5 {[%clk 01:30:32]} {[%emt 00:01:30]} 9. Re1
{[%clk 01:29:17]} {[%emt 00:01:34]} Re8 {[%clk 01:30:22]} {[%emt 00:00:39]} 10.
Qb3 {[%clk 01:27:58]} {[%emt 00:01:48]} Qb6 {[%clk 01:23:52]} {[%emt 00:07:01]}
11. Qxb6 {[%clk 01:23:18]} {[%emt 00:05:11]} axb6 {[%clk 01:24:20]} {[%emt
00:00:02]} 12. b3 {[%clk 01:19:52]} {[%emt 00:03:54]} Na6 {[%clk 01:23:45]}
{[%emt 00:01:05]} 13. a4 {[%clk 01:17:18]} {[%emt 00:03:05]} Nb4 {[%clk
01:22:11]} {[%emt 00:02:04]} 14. Rb1 {[%clk 01:13:21]} {[%emt 00:04:25]} Bc5
{[%clk 01:19:52]} {[%emt 00:02:46]} 15. Bf1 {[%clk 01:09:50]} {[%emt 00:04:05]}
Ng4 {[%clk 01:14:25]} {[%emt 00:05:57]} 16. e3 {[%clk 00:58:16]} {[%emt
00:12:04]} Nxd3 {[%clk 01:12:31]} {[%emt 00:02:24]} 17. Bxd3 {[%clk 00:58:14]}
{[%emt 00:00:33]} Bxd3 {[%clk 01:12:56]} {[%emt 00:00:05]} 18. Ra1 {[%clk
00:58:18]} {[%emt 00:00:25]} b5 {[%clk 01:01:43]} {[%emt 00:11:44]} 19. h3
{[%clk 00:57:13]} {[%emt 00:01:34]} Ne5 {[%clk 00:59:40]} {[%emt 00:02:33]} 20.
Bb2 {[%clk 00:53:39]} {[%emt 00:04:03]} Nxf3+ {[%clk 00:57:09]} {[%emt
00:03:02]} 21. Nxf3 {[%clk 00:49:00]} {[%emt 00:05:10]} bxa4 {[%clk 00:56:18]}
{[%emt 00:01:20]} 22. bxa4 {[%clk 00:47:05]} {[%emt 00:02:26]} f6 {[%clk
00:53:29]} {[%emt 00:03:19]} 23. Nd4 {[%clk 00:41:20]} {[%emt 00:06:15]} Bb4
{[%clk 00:45:23]} {[%emt 00:08:32]} 24. Red1 {[%clk 00:39:59]} {[%emt
00:01:53]} Bc4 {[%clk 00:39:47]} {[%emt 00:06:04]} 25. Rdb1 {[%clk 00:36:22]}
{[%emt 00:04:10]} c5 {[%clk 00:34:12]} {[%emt 00:06:05]} 26. Nb5 {[%clk
00:34:12]} {[%emt 00:02:40]} Red8 {[%clk 00:31:46]} {[%emt 00:02:57]} 27. Bc3
{[%clk 00:28:27]} {[%emt 00:06:15]} Bd3 {[%clk 00:22:55]} {[%emt 00:09:20]} 28.
Rc1 {[%clk 00:26:16]} {[%emt 00:02:37]} Bxc3 {[%clk 00:20:52]} {[%emt
00:02:37]} 29. Nxc3 {[%clk 00:26:14]} {[%emt 00:00:33]} d4 {[%clk 00:20:26]}
{[%emt 00:00:56]} 30. Nd1 {[%clk 00:23:58]} {[%emt 00:02:44]} b6 {[%clk
00:20:11]} {[%emt 00:00:45]} 31. Nb2 {[%clk 00:22:00]} {[%emt 00:02:27]} Be2
{[%clk 00:17:46]} {[%emt 00:02:54]} 32. Rc2 {[%clk 00:20:20]} {[%emt 00:02:11]}
d3 {[%clk 00:17:23]} {[%emt 00:00:55]} 33. Rd2 {[%clk 00:20:32]} {[%emt
00:00:17]} b5 {[%clk 00:17:31]} {[%emt 00:00:22]} 34. Ra3 {[%clk 00:12:16]}
{[%emt 00:08:46]} c4 {[%clk 00:17:19]} {[%emt 00:00:42]} 35. Rc3 {[%clk
00:12:23]} {[%emt 00:00:22]} bxa4 {[%clk 00:13:31]} {[%emt 00:04:19]} 36. Nxc4
{[%clk 00:11:11]} {[%emt 00:01:42]} Rdc8 {[%clk 00:13:40]} {[%emt 00:00:22]}
37. Kg2 {[%clk 00:09:41]} {[%emt 00:01:58]} Ra6 {[%clk 00:13:51]} {[%emt
00:00:20]} 38. Ra2 {[%clk 00:08:53]} {[%emt 00:01:16]} Rac6 {[%emt 00:02:01]}
0-1

[Event "DEM U12 2025"]
[Site "Willingen GER"]
[Date "2025.06.09"]
[Round "3"]
[White "Retzlaff, Nick"]
[Black "Varazi, Maxime"]
[Result "1-0"]
[Termination "normal"]
[Board "14"]
[WhiteElo "1790"]
[BlackElo "1775"]
[WhiteClock "00:03:48"]
[BlackClock "00:04:58"]
[PlyCount "97"]
[WhiteFideId "34610367"]
[BlackFideId "34618929"]
[EventCountry "GER"]
[EventRounds "9"]
[EventType "swiss"]
[EventDate "2025.06.07"]

1. e4 {[%clk 01:30:56]} {[%emt 00:00:03]} e5 {[%clk 01:30:41]} {[%emt
00:00:19]} 2. Nf3 {[%clk 01:31:05]} {[%emt 00:00:22]} Nc6 {[%clk 01:30:54]}
{[%emt 00:00:17]} 3. Bc4 {[%clk 01:31:30]} {[%emt 00:00:05]} Bc5 {[%clk
01:31:16]} {[%emt 00:00:06]} 4. d3 {[%clk 01:31:57]} {[%emt 00:00:04]} Nf6
{[%clk 01:30:58]} {[%emt 00:00:47]} 5. Bg5 {[%clk 01:32:23]} {[%emt 00:00:05]}
h6 {[%clk 01:30:15]} {[%emt 00:01:13]} 6. Bh4 {[%clk 01:32:45]} {[%emt
00:00:08]} d6 {[%clk 01:29:45]} {[%emt 00:00:59]} 7. c3 {[%clk 01:33:10]}
{[%emt 00:00:06]} a6 {[%clk 01:29:32]} {[%emt 00:00:43]} 8. Nbd2 {[%clk
01:33:27]} {[%emt 00:00:12]} Bd7 {[%clk 01:25:26]} {[%emt 00:04:36]} 9. a4
{[%clk 01:33:21]} {[%emt 00:00:37]} Ba7 {[%clk 01:24:45]} {[%emt 00:01:11]} 10.
O-O {[%clk 01:33:29]} {[%emt 00:00:22]} Qe7 {[%clk 01:24:19]} {[%emt 00:00:56]}
11. b4 {[%clk 01:33:43]} {[%emt 00:00:16]} g5 {[%clk 01:17:47]} {[%emt
00:07:01]} 12. Bg3 {[%clk 01:33:55]} {[%emt 00:00:18]} Nd8 {[%clk 01:00:25]}
{[%emt 00:17:52]} 13. d4 {[%clk 01:20:24]} {[%emt 00:14:01]} exd4 {[%clk
00:58:32]} {[%emt 00:02:23]} 14. Nxd4 {[%clk 01:08:43]} {[%emt 00:12:11]} Nc6
{[%clk 00:54:57]} {[%emt 00:04:06]} 15. Nxc6 {[%clk 01:03:45]} {[%emt
00:05:27]} Bxc6 {[%clk 00:53:58]} {[%emt 00:01:29]} 16. Re1 {[%clk 01:01:09]}
{[%emt 00:03:04]} O-O {[%clk 00:51:41]} {[%emt 00:02:50]} 17. e5 {[%clk
01:00:04]} {[%emt 00:01:34]} dxe5 {[%clk 00:51:27]} {[%emt 00:00:44]} 18. Bxe5
{[%clk 01:00:07]} {[%emt 00:00:27]} Rfe8 {[%clk 00:44:34]} {[%emt 00:07:23]}
19. Qc2 {[%clk 00:56:02]} {[%emt 00:04:35]} Kf8 {[%clk 00:36:05]} {[%emt
00:08:59]} 20. Qf5 {[%clk 00:52:10]} {[%emt 00:04:22]} Kg7 {[%clk 00:33:29]}
{[%emt 00:03:05]} 21. h4 {[%clk 00:37:48]} {[%emt 00:14:53]} Bd7 {[%clk
00:28:45]} {[%emt 00:05:14]} 22. Qf3 {[%clk 00:32:05]} {[%emt 00:06:13]} c6
{[%clk 00:16:03]} {[%emt 00:13:13]} 23. Nf1 {[%emt 00:18:52]} gxh4 {[%clk
00:10:05]} {[%emt 00:00:01]} 24. Rad1 {[%clk 00:17:07]} {[%emt 00:03:32]} Be6
{[%clk 00:06:29]} {[%emt 00:04:06]} 25. Bd6 {[%clk 00:14:18]} {[%emt 00:03:20]}
Qd7 {[%clk 00:05:00]} {[%emt 00:01:58]} 26. Bxe6 {[%clk 00:13:33]} {[%emt
00:01:17]} Rxe6 {[%clk 00:04:32]} {[%emt 00:00:56]} 27. Bf8+ {[%clk 00:13:19]}
{[%emt 00:00:44]} Rxf8 {[%clk 00:04:47]} {[%emt 00:00:16]} 28. Rxd7 {[%clk
00:13:25]} {[%emt 00:00:24]} Rxe1 {[%clk 00:04:17]} {[%emt 00:00:59]} 29. Rxb7
{[%clk 00:13:07]} {[%emt 00:00:49]} Rd8 {[%clk 00:03:47]} {[%emt 00:00:59]} 30.
Qxc6 {[%clk 00:11:06]} {[%emt 00:02:31]} Rdd1 {[%clk 00:01:46]} {[%emt
00:02:31]} 31. Qc4 {[%clk 00:10:06]} {[%emt 00:01:30]} Rxf1+ {[%clk 00:01:49]}
{[%emt 00:00:27]} 32. Qxf1 {[%clk 00:10:23]} {[%emt 00:00:13]} Bxf2+ {[%clk
00:02:16]} {[%emt 00:00:03]} 33. Kxf2 {[%clk 00:10:09]} {[%emt 00:00:44]} Ne4+
{[%clk 00:02:42]} {[%emt 00:00:04]} 34. Kg1 {[%clk 00:09:55]} {[%emt 00:00:44]}
Rxf1+ {[%clk 00:02:35]} {[%emt 00:00:37]} 35. Kxf1 {[%clk 00:10:13]} {[%emt
00:00:12]} Nxc3 {[%clk 00:02:55]} {[%emt 00:00:11]} 36. Rb6 {[%clk 00:10:15]}
{[%emt 00:00:28]} Nxa4 {[%clk 00:03:20]} {[%emt 00:00:05]} 37. Rxa6 {[%clk
00:10:35]} {[%emt 00:00:10]} Nc3 {[%clk 00:03:45]} {[%emt 00:00:05]} 38. Rb6
{[%clk 00:10:32]} {[%emt 00:00:31]} Nd5 {[%clk 00:04:07]} {[%emt 00:00:10]} 39.
Rb8 {[%clk 00:10:31]} {[%emt 00:00:29]} Ne3+ {[%clk 00:04:32]} {[%emt
00:00:06]} 40. Kf2 {[%clk 00:09:20]} {[%emt 00:01:40]} Ng4+ {[%clk 00:04:56]}
{[%emt 00:00:07]} 41. Kf3 {[%clk 00:09:09]} {[%emt 00:00:40]} Ne5+ {[%clk
00:05:06]} {[%emt 00:00:21]} 42. Ke4 {[%clk 00:08:29]} {[%emt 00:01:09]} Nd7
{[%clk 00:05:02]} {[%emt 00:00:35]} 43. Rd8 {[%clk 00:06:41]} {[%emt 00:02:16]}
Nb6 {[%clk 00:05:02]} {[%emt 00:00:32]} 44. b5 {[%clk 00:06:41]} {[%emt
00:00:30]} h5 {[%clk 00:04:29]} {[%emt 00:01:03]} 45. Kd4 {[%clk 00:05:51]}
{[%emt 00:01:20]} f5 {[%clk 00:04:42]} {[%emt 00:00:17]} 46. Ke5 {[%clk
00:04:12]} {[%emt 00:02:08]} Nc4+ {[%clk 00:04:05]} {[%emt 00:01:08]} 47. Kxf5
{[%clk 00:03:43]} {[%emt 00:00:58]} Ne3+ {[%clk 00:04:32]} {[%emt 00:00:05]}
48. Kg5 {[%clk 00:03:52]} {[%emt 00:00:20]} Nxg2 {[%clk 00:04:58]} {[%emt
00:00:05]} 49. b6 {[%clk 00:03:48]} {[%emt 00:00:33]} 1-0